00811cam a2200205 a 4500003000500000005001700005008004100022010001000063011001000073035001000083040000900093100003600102245017500138260006300313300002200376500009000398650004000488650003800528650003900566CHAP20250613133228.0010725d2001 mx 00 spa d a84325 a85297 a95830 cCHAP00aDomínguez Alejandro, Jesús.00aNemátodos fitoparásitos asociados al cultivo de piña (Ananas comosus (L.) Merr.) en la sabana de Huimanguillo, Tabasco, Méxicoc/por Jesús Dominguéz Alejandro aSan José Puyacatengo, Teapa, Tabasco :bEl autor,c2001. a48 h. :bgráfs. aTesis (Ing. Agr. Esp. en Zonas Tropicales) -- UACH. Dirección de Centros Regionales14aNemátodos parásitos de plantas.17aPiña (Ananas comosus)xPlagas217aPiña (Ananas comosus)zTabasco2